[Event "Xtracon Chess Open 2016"]
[Site "Elsinore"]
[Date "2016.07.26"]
[Round "5.159"]
[White "Gade, Jens"]
[Black "Lavrsen, Frands Winther"]
[Result "1-0"]
[WhiteElo "1575"]
[BlackElo "1851"]
[PlyCount "109"]
[EventDate "2016.07.23"]

1. d4 d5 2. c4 Nc6 3. e3 Nf6 4. Nf3 Bg4 5. Be2 dxc4 6. Bxc4 e5 7. Qb3 Bb4+ 8.
Bd2 Bxd2+ 9. Nbxd2 O-O 10. dxe5 Nd7 11. e6 fxe6 12. Bxe6+ Bxe6 13. Qxe6+ Kh8
14. O-O Nc5 15. Qc4 Nd3 16. Rab1 Nce5 17. Nxe5 Nxe5 18. Qc3 Qe7 19. Rbc1 c6 20.
Nb3 Rad8 21. Nd4 Rd5 22. b4 Ng4 23. h3 Nf6 24. f3 Rg5 25. Rce1 Nd5 26. Qd2 Nxb4
27. e4 Ra5 28. Ra1 Ra3 29. Nf5 Qc5+ 30. Kh1 Nd3 31. Rab1 b6 32. Rb3 Rxb3 33.
axb3 Rd8 34. Qg5 Qf8 35. Nxg7 Rd6 36. Nf5 Nc5 37. Nxd6 Qxd6 38. b4 Nd3 39. b5
c5 40. Qd5 Qxd5 41. exd5 Kg7 42. Ra1 c4 43. Rxa7+ Kf8 44. Rc7 Nb2 45. d6 Ke8
46. Kg1 c3 47. Rxc3 Kd7 48. Rc6 h6 49. f4 Nd3 50. f5 Nb4 51. Rxb6 Nd5 52. Ra6
Nb4 53. Ra4 Nd5 54. Rd4 Nb6 55. g4 1-0

[Event "Xtracon Chess Open 2016"]
[Site "Elsinore"]
[Date "2016.07.26"]
[Round "5.160"]
[White "Kristensen, Thomas Overgaard"]
[Black "Nielsen, Henrik Wendelbo"]
[Result "0-1"]
[WhiteElo "1568"]
[BlackElo "1815"]
[PlyCount "60"]
[EventDate "2016.07.23"]

1. d4 Nf6 2. c4 g6 3. Nc3 Bg7 4. e4 d6 5. Nge2 O-O 6. Ng3 e5 7. d5 c5 8. Be2
Na6 9. a3 Nc7 10. h4 h5 11. Bg5 Qe8 12. Qd2 Kh7 13. O-O-O Ng4 14. Rdf1 f6 15.
f3 fxg5 16. fxg4 gxh4 17. Rxh4 Rxf1+ 18. Nxf1 Qe7 19. g5 Kg8 20. g4 Bh6 21.
Rxh5 gxh5 22. gxh6 Bxg4 23. Bxg4 hxg4 24. Ng3 Rf8 25. Nf5 Rxf5 26. exf5 Qh4 27.
Ne4 Qh1+ 28. Kc2 Qxe4+ 29. Qd3 Qxd3+ 30. Kxd3 Ne8 0-1

[Event "Xtracon Chess Open 2016"]
[Site "Elsinore"]
[Date "2016.07.26"]
[Round "5.161"]
[White "Nielsen, Jens Holm"]
[Black "Opseth, Oliver"]
[Result "1/2-1/2"]
[WhiteElo "1801"]
[BlackElo "1545"]
[PlyCount "64"]
[EventDate "2016.07.23"]

1. Nc3 e5 2. Nf3 Nc6 3. d4 exd4 4. Nxd4 Nxd4 5. Qxd4 Nf6 6. Bg5 Be7 7. O-O-O h6
8. Bh4 d6 9. f3 c5 10. Qd2 Be6 11. e4 O-O 12. Be2 b5 13. Bxf6 Bxf6 14. Nd5 Bxd5
15. exd5 a5 16. Bxb5 a4 17. c4 a3 18. b3 Bg5 19. f4 Bf6 20. Kc2 Bd4 21. Rde1
Qf6 22. Re2 Qf5+ 23. Qd3 Qxf4 24. Re4 Qf2+ 25. Qe2 Qxe2+ 26. Rxe2 f5 27. Rf1 f4
28. Kd3 g5 29. Re6 Rf6 30. Rxf6 Bxf6 31. Ke4 Kg7 32. Kf5 Rf8 1/2-1/2

[Event "Xtracon Chess Open 2016"]
[Site "Elsinore"]
[Date "2016.07.26"]
[Round "5.162"]
[White "Jacobsen, Caroline Beer"]
[Black "Sather, Lars"]
[Result "0-1"]
[WhiteElo "1544"]
[BlackElo "1799"]
[PlyCount "72"]
[EventDate "2016.07.23"]

1. e4 d5 2. exd5 Nf6 3. d4 Nxd5 4. Nf3 Bg4 5. g3 Nc6 6. Bg2 e5 7. dxe5 Nxe5 8.
Nbd2 Nxf3+ 9. Nxf3 Bb4+ 10. Bd2 Qe7+ 11. Kf1 O-O 12. c3 Bd6 13. Qc2 Qd7 14. Ng5
Bf5 15. Be4 Bg6 16. Kg2 c6 17. b4 Nf6 18. Bd3 Rad8 19. Bxg6 fxg6 20. Qb3+ Nd5
21. c4 Bc5 22. Ne4 Nb6 23. Bg5 Be7 24. Rad1 Qf5 25. f3 Bxg5 26. Nxg5 h6 27. g4
Qf4 28. Ne4 Kh7 29. Qc3 Rxd1 30. Rxd1 Nxc4 31. Rd7 Ne3+ 32. Kg1 Rg8 33. Nf6+
Kh8 34. Ne4 Qxf3 35. Qd2 Qxe4 36. Rxb7 Qxg4+ 0-1

[Event "Xtracon Chess Open 2016"]
[Site "Elsinore"]
[Date "2016.07.26"]
[Round "5.163"]
[White "Dittrich, Hans-Georg"]
[Black "Nilssen, Steinar"]
[Result "0-1"]
[WhiteElo "1795"]
[BlackElo "1575"]
[PlyCount "84"]
[EventDate "2016.07.23"]

1. d4 Nf6 2. g3 g6 3. Bg2 Bg7 4. e3 d5 5. Ne2 Bg4 6. O-O Bxe2 7. Qxe2 Nc6 8. b3
Qd7 9. Bb2 O-O 10. c4 e6 11. Nc3 Rfe8 12. Qd2 Ne7 13. c5 Nc6 14. a4 b6 15. cxb6
axb6 16. Rfc1 Bf8 17. Nb5 Rec8 18. Ba3 Bxa3 19. Rxa3 Na5 20. Qb2 c6 21. Nc3 c5
22. Nb5 c4 23. bxc4 Nxc4 24. Rxc4 Rxc4 25. Nc3 Qc6 26. Bf1 Rcxa4 27. Bb5 Qxc3
28. Qxc3 Rxa3 29. Qc6 Ra1+ 30. Kg2 R8a2 31. Qxb6 Ne4 32. Qb8+ Kg7 33. Qe5+ Kh6
34. Qb8 Rxf2+ 35. Kh3 Ng5+ 36. Kh4 Rxh2+ 37. Kg4 f5+ 38. Kf4 Rf2+ 39. Ke5 Re1
40. Qf8+ Kh5 41. g4+ Kxg4 42. Qh6 Nf7+ 0-1

[Event "Xtracon Chess Open 2016"]
[Site "Elsinore"]
[Date "2016.07.26"]
[Round "5.164"]
[White "Morling, Aase"]
[Black "Rendlev, Niels Moller"]
[Result "1/2-1/2"]
[WhiteElo "1539"]
[BlackElo "1771"]
[PlyCount "157"]
[EventDate "2016.07.23"]

1. e4 e6 2. d4 d5 3. e5 c5 4. c3 Nc6 5. Nf3 cxd4 6. cxd4 Qb6 7. Nc3 a6 8. Be2
Nge7 9. O-O Nf5 10. Na4 Qc7 11. Be3 b5 12. Nc5 Bxc5 13. dxc5 Nxe5 14. Nxe5 Qxe5
15. Qd2 Nxe3 16. fxe3 Bb7 17. Qd4 Qxd4 18. exd4 O-O 19. b4 Bc6 20. Bd3 Ra7 21.
a3 Rfa8 22. Rf2 a5 23. bxa5 Rxa5 24. Rb1 Rxa3 25. Bxb5 Ra1 26. Rfb2 Rxb1+ 27.
Rxb1 Rb8 28. Bd3 Rxb1+ 29. Bxb1 Kf8 30. Kf2 Ke7 31. g3 h6 32. h4 Kf6 33. Ke3 e5
34. Bc2 e4 35. Kf4 g5+ 36. hxg5+ hxg5+ 37. Ke3 Kf5 38. Bd1 Ke6 39. Bg4+ f5 40.
Be2 Ba4 41. Bf1 Bb3 42. Bb5 Bc4 43. Ba4 Bd3 44. Bd1 Bb5 45. Bc2 Bc6 46. Bd1 Kf6
47. Be2 Kg6 48. Bf1 Ba4 49. Be2 Kh6 50. Bf1 Kg6 51. Be2 Bd7 52. Bf1 Kf6 53. Ba6
Ke6 54. Be2 Ke7 55. Bf1 Ba4 56. Be2 Kd7 57. Bf1 Kc6 58. Be2 Bb3 59. Bf1 Bc4 60.
Bh3 g4 61. Bg2 Kd7 62. Kf4 Ke6 63. Ke3 Bb5 64. Bh1 Bf1 65. Kf2 Bh3 66. Ke3 Bf1
67. Kf2 Bd3 68. Ke3 Kf6 69. Kf4 Be2 70. Ke3 Bf3 71. Bxf3 exf3 72. Kf2 Ke6 73.
Ke3 Kd7 74. Kf2 Ke7 75. Ke3 Kf6 76. Kf2 f4 77. gxf4 Kf5 78. Ke3 Ke6 79. Kf2
1/2-1/2

[Event "Xtracon Chess Open 2016"]
[Site "Elsinore"]
[Date "2016.07.26"]
[Round "5.165"]
[White "Shehzad, Alisha"]
[Black "Fjellengen, Bard"]
[Result "0-1"]
[WhiteElo "1514"]
[BlackElo "1764"]
[PlyCount "130"]
[EventDate "2016.07.23"]

1. e4 e5 2. Nf3 Nc6 3. Nc3 Nf6 4. a3 d5 5. Bb5 d4 6. Ne2 Qd6 7. d3 Bd7 8. Bc4
h6 9. O-O a6 10. h3 b5 11. Ba2 Be6 12. Bxe6 Qxe6 13. Nh2 g5 14. Ng3 Ne7 15. Bd2
O-O-O 16. a4 c6 17. axb5 cxb5 18. Ra5 Kb7 19. Qa1 Ra8 20. b3 Nc6 21. Ra2 Bb4
22. Rd1 Rhc8 23. Qb2 Bxd2 24. Rxd2 Nb4 25. Ra1 Rc7 26. Nf5 Rac8 27. Rc1 Ng8 28.
Ng7 Qc6 29. Ng4 f6 30. Nf5 h5 31. Ngh6 Nxh6 32. Nxh6 Qc3 33. Qxc3 Rxc3 34. Nf5
R8c7 35. Ra1 Kb6 36. Nd6 R7c6 37. Nf5 Rxc2 38. Rxc2 Rxc2 39. Rd1 Rc7 40. Rd2
Nc6 41. Kh2 Nd8 42. Kg3 Ne6 43. Kf3 Ng7 44. Nxg7 Rxg7 45. Ke2 Rc7 46. Rb2 b4
47. g3 Kb5 48. Kd2 Rc3 49. f3 a5 50. Rc2 a4 51. bxa4+ Kxa4 52. Rc1 b3 53. Ra1+
Kb4 54. Rb1 Rc2+ 55. Kd1 Kc3 56. g4 h4 57. Ke1 b2 58. Kd1 Rh2 59. Ke1 Rh1+ 60.
Kf2 Rxb1 61. f4 Rc1 62. fxe5 fxe5 63. Kg2 b1=Q 64. Kf2 Rc2+ 65. Kf3 Qf1# 0-1

[Event "Xtracon Chess Open 2016"]
[Site "Elsinore"]
[Date "2016.07.26"]
[Round "5.166"]
[White "Sebastian, Andreas"]
[Black "Kvaloy, Aksel Bu"]
[Result "0-1"]
[WhiteElo "1754"]
[BlackElo "1533"]
[PlyCount "162"]
[EventDate "2016.07.23"]

1. e4 c5 2. Nc3 e6 3. f4 d5 4. Nf3 dxe4 5. Nxe4 Be7 6. Be2 Nf6 7. d3 b6 8. O-O
Bb7 9. Ng3 O-O 10. f5 e5 11. Ng5 h6 12. N5e4 Nxe4 13. Nxe4 Bxe4 14. dxe4 Nc6
15. c3 Qc7 16. Qe1 Kh7 17. Qg3 Bf6 18. Be3 Qe7 19. Bc4 g6 20. Qg4 h5 21. Qh3
Bg5 22. Bd5 Rac8 23. fxg6+ fxg6 24. Bxg5 Qxg5 25. Bxc6 Qd2 26. Qd7+ Qxd7 27.
Bxd7 Rxf1+ 28. Rxf1 Rd8 29. Rf7+ Kg8 30. Be6 Re8 31. Rd7+ Rxe6 32. Kf2 a6 33.
Ke3 Rc6 34. Kd3 c4+ 35. Ke3 Kf8 36. a4 Ke8 37. Rd5 Re6 38. Kd2 Kf7 39. a5 bxa5
40. Rxa5 Rb6 41. Ra2 g5 42. Ke2 Kg6 43. g3 g4 44. Ke1 Kf7 45. Ke2 Ke7 46. Kd2
Kd7 47. Kd1 Kc7 48. Kd2 Kb7 49. Kd1 h4 50. gxh4 Rh6 51. b4 Rxh4 52. Rg2 Kc6 53.
Ra2 Kb5 54. Ra5+ Kb6 55. Rxe5 Rxh2 56. Rg5 Rh3 57. Kd2 Rd3+ 58. Kc2 g3 59. e5
Kc6 60. e6 Kd6 61. Re5 Ke7 62. Re2 Rd5 63. Rg2 Rg5 64. Kd2 Kxe6 65. Ke3 Ke5 66.
Kf3 Kf5 67. Ra2 g2 68. Ra5+ Kg6 69. Rxg5+ Kxg5 70. Kxg2 Kg4 71. Kf2 Kf4 72. Ke2
Ke4 73. Kd2 Kf3 74. Kc2 Ke2 75. Kb2 Kd2 76. Ka3 Kxc3 77. Ka4 Kd4 78. Ka5 c3 79.
Kxa6 c2 80. b5 c1=Q 81. b6 Kc5 0-1

[Event "Xtracon Chess Open 2016"]
[Site "Elsinore"]
[Date "2016.07.26"]
[Round "5.168"]
[White "Ronnestad, Liam Jansson"]
[Black "Nielsen, Leo"]
[Result "1-0"]
[WhiteElo "1502"]
[BlackElo "1749"]
[PlyCount "63"]
[EventDate "2016.07.23"]

1. e4 c5 2. Nc3 Nc6 3. f4 e5 4. Nf3 d6 5. Bc4 Be6 6. Bxe6 fxe6 7. fxe5 dxe5 8.
O-O Qe7 9. d3 O-O-O 10. Qe1 Nd4 11. Qf2 Qd6 12. Ng5 Nh6 13. h3 Be7 14. Be3 Rdf8
15. Qd2 a6 16. a4 Bxg5 17. Bxg5 Nf7 18. Bh4 Nd8 19. Bxd8 Qxd8 20. a5 Nc6 21.
Na4 Rxf1+ 22. Kxf1 Rf8+ 23. Kg1 Qd4+ 24. Kh2 Nb4 25. Kg3 Rf4 26. Qe2 g6 27. Re1
h5 28. c3 Qxd3+ 29. Kh2 h4 30. cxb4 Qg3+ 31. Kg1 Rf2 32. Qxf2 1-0

[Event "Xtracon Chess Open 2016"]
[Site "Elsinore"]
[Date "2016.07.26"]
[Round "5.169"]
[White "Cithu, Arun Vijay"]
[Black "Nielsen, Angelo"]
[Result "0-1"]
[WhiteElo "1501"]
[BlackElo "1747"]
[PlyCount "113"]
[EventDate "2016.07.23"]

1. e4 d6 2. d4 Nf6 3. Nc3 g6 4. Nf3 Bg7 5. Be2 O-O 6. O-O Na6 7. h3 c5 8. Be3
cxd4 9. Bxd4 Nc5 10. Bxc5 dxc5 11. Qxd8 Rxd8 12. Rad1 Bd7 13. Bc4 e6 14. Rfe1
Bc6 15. Bd3 Nh5 16. Rd2 Bh6 17. Rdd1 a6 18. Ne5 Be8 19. Ng4 Bg7 20. e5 Nf4 21.
Nh2 Bc6 22. f3 Rd7 23. Ng4 Rad8 24. Nf2 b5 25. Bf1 b4 26. Nb1 a5 27. Nd3 c4 28.
Nxf4 Rxd1 29. Rxd1 Rxd1 30. Nd2 Rxd2 31. Bxc4 Rxc2 32. Bb3 Rxb2 33. Nd3 Rd2 34.
Nc5 Bxe5 35. Kf1 Bb5+ 36. Ke1 Bc3 37. Ne4 Re2+ 38. Kd1 Rxe4 39. fxe4 Bf1 40. h4
Bxg2 41. Bc2 a4 42. Bxa4 Bxe4 43. Bb3 Bd5 44. Ke2 Bxb3 45. axb3 f5 46. Kf3 e5
47. Ke3 Kf7 48. Kf3 e4+ 49. Ke3 Kf6 50. Ke2 Ke5 51. Ke3 f4+ 52. Ke2 f3+ 53. Kf2
Kf4 54. Kf1 e3 55. Kg1 e2 56. Kh2 e1=Q 57. h5 0-1

[Event "Xtracon Chess Open 2016"]
[Site "Elsinore"]
[Date "2016.07.26"]
[Round "5.170"]
[White "Edwardsson, Hannu Kalervo"]
[Black "Bennett, Owen"]
[Result "0-1"]
[WhiteElo "1451"]
[BlackElo "1741"]
[PlyCount "86"]
[EventDate "2016.07.23"]

1. e4 c5 2. c4 Nc6 3. Nf3 g6 4. Be2 Bg7 5. O-O Nf6 6. Nc3 O-O 7. d3 d6 8. Bd2
a6 9. Rb1 Rb8 10. a3 Bg4 11. Qc1 Bxf3 12. Bxf3 Nd4 13. Qd1 Nxf3+ 14. Qxf3 Nd7
15. Qe2 e6 16. Kh1 Qe7 17. f4 Bxc3 18. Bxc3 e5 19. f5 g5 20. Qg4 f6 21. h4 h6
22. h5 b5 23. b3 b4 24. axb4 cxb4 25. Bd2 Nc5 26. Qe2 a5 27. Be3 Ra8 28. Bxc5
dxc5 29. Ra1 Ra6 30. Ra4 Rfa8 31. g4 Kf7 32. Qe3 Rd8 33. Rfa1 Qc7 34. Kg2 Qd7
35. Rxa5 Rxa5 36. Rxa5 Qxd3 37. Qxd3 Rxd3 38. Rxc5 Rxb3 39. Rb5 Rb1 40. Kf3 b3
41. c5 b2 42. Kf2 Rh1 43. Kg2 b1=Q 0-1

[Event "Xtracon Chess Open 2016"]
[Site "Elsinore"]
[Date "2016.07.26"]
[Round "5.171"]
[White "Petersen, Rasmus"]
[Black "Gaure, Sigurd Lauvas"]
[Result "1/2-1/2"]
[WhiteElo "1730"]
[BlackElo "1514"]
[PlyCount "67"]
[EventDate "2016.07.23"]

1. d4 Nf6 2. Nf3 g6 3. g3 Bg7 4. Bg2 O-O 5. O-O d6 6. c4 Nbd7 7. Nc3 e5 8. dxe5
Nxe5 9. Nxe5 dxe5 10. Bg5 Qxd1 11. Raxd1 Be6 12. b3 c6 13. Ne4 Nxe4 14. Bxe4 f5
15. Bb1 f4 16. Be7 Rfe8 17. Bb4 Red8 18. Bc3 Bh3 19. Rfe1 Bf8 20. Be4 Bc5 21.
b4 Bb6 22. c5 Bc7 23. f3 Re8 24. Rd2 a5 25. b5 cxb5 26. Bxb7 Rad8 27. Red1 Rxd2
28. Rxd2 h5 29. a3 Kh7 30. Bc6 Rb8 31. Rb2 Rd8 32. Rd2 Rb8 33. Rb2 Rd8 34. Rd2
1/2-1/2

[Event "Xtracon Chess Open 2016"]
[Site "Elsinore"]
[Date "2016.07.26"]
[Round "5.172"]
[White "Rolstad, Morten"]
[Black "Skjolingstad, Sverre"]
[Result "0-1"]
[WhiteElo "1720"]
[BlackElo "1509"]
[PlyCount "58"]
[EventDate "2016.07.23"]

1. e4 c5 2. Nf3 e6 3. d4 cxd4 4. Nxd4 Nc6 5. Nc3 Qc7 6. Be3 a6 7. Qd2 Nf6 8.
O-O-O Bb4 9. f3 d5 10. a3 Be7 11. exd5 Nxd5 12. Nxd5 exd5 13. Bd3 Bf6 14. Bf4
Ne5 15. Rhe1 O-O 16. Bg3 Nxd3+ 17. Qxd3 Qb6 18. Be5 Bd7 19. Bxf6 Qxf6 20. Re2
Rfe8 21. Red2 Bc6 22. Ne2 Bb5 23. Qxd5 Bxe2 24. Re1 Bb5 25. Rxe8+ Rxe8 26. Qxb7
Re1+ 27. Rd1 Qf4+ 28. Kb1 Rxd1+ 29. Ka2 Qc4+ 0-1

[Event "Xtracon Chess Open 2016"]
[Site "Elsinore"]
[Date "2016.07.26"]
[Round "5.173"]
[White "Janse, Circe"]
[Black "Larsen, Mette Dalsgaard"]
[Result "1-0"]
[WhiteElo "1427"]
[BlackElo "1715"]
[PlyCount "119"]
[EventDate "2016.07.23"]

1. e4 e6 2. d4 d5 3. exd5 exd5 4. Bd3 Nf6 5. Ne2 Bg4 6. Bg5 Nbd7 7. Nbc3 c6 8.
O-O Bd6 9. Qd2 O-O 10. h3 Bh5 11. Nf4 Bg6 12. Nxg6 fxg6 13. Rfe1 Rf7 14. Re2
Qf8 15. Rae1 Re8 16. Rxe8 Nxe8 17. Re2 Nc7 18. Qe1 Nf6 19. a3 Nh5 20. g3 a6 21.
Na4 Nf6 22. Nc5 Bxc5 23. dxc5 Qxc5 24. b4 Qf8 25. c4 Qd6 26. Bf4 Qd7 27. Kh2 b5
28. c5 Nce8 29. g4 Ne4 30. Bxe4 Rxf4 31. Bxd5+ Qxd5 32. Rxe8+ Rf8 33. Qe7 Qf3
34. Rxf8+ Qxf8 35. Qxf8+ Kxf8 36. Kg3 Ke7 37. Kf4 Kf6 38. g5+ Ke6 39. Ke4 h6
40. h4 hxg5 41. hxg5 Kd7 42. Ke5 Ke7 43. f4 Kd7 44. f5 Ke7 45. f6+ gxf6+ 46.
gxf6+ Kf7 47. Kd6 g5 48. Kxc6 g4 49. Kb7 g3 50. c6 g2 51. c7 g1=Q 52. c8=Q Qe3
53. Qd7+ Kxf6 54. Qd6+ Kf5 55. Qc5+ Qe5 56. Qxe5+ Kxe5 57. Kxa6 Kd6 58. Kxb5
Kc7 59. Kc5 Kb7 60. Kb5 1-0

[Event "Xtracon Chess Open 2016"]
[Site "Elsinore"]
[Date "2016.07.26"]
[Round "5.174"]
[White "Shehzad, Shazil"]
[Black "Amarapala, Anton"]
[Result "1-0"]
[WhiteElo "1711"]
[BlackElo "1487"]
[PlyCount "127"]
[EventDate "2016.07.23"]

1. e4 c5 2. Nc3 Nc6 3. Bb5 e5 4. Bxc6 bxc6 5. Nf3 d6 6. O-O Bg4 7. d3 h6 8. h3
Bh5 9. Be3 Nf6 10. a3 d5 11. Bd2 Bd6 12. Re1 O-O 13. g4 dxe4 14. Nxe4 Nxe4 15.
Rxe4 Bg6 16. Re1 Re8 17. Bc3 f6 18. Nh4 Bh7 19. Qf3 Qd7 20. b4 cxb4 21. axb4
Rab8 22. Rab1 a6 23. Ra1 Ra8 24. Ng2 e4 25. dxe4 Be5 26. Bxe5 Rxe5 27. Qd3 Qb7
28. Qc4+ Kh8 29. f4 Qb6+ 30. Kh2 Bg8 31. Qc3 Re7 32. Re2 Qb5 33. Re3 Rae8 34.
Rae1 Bh7 35. e5 fxe5 36. Rxe5 Rxe5 37. Rxe5 Rxe5 38. fxe5 Bg8 39. Nf4 Qf1 40.
Qd2 Qc4 41. Ng6+ Kh7 42. Qd3 Qxd3 43. Nf8+ Kh8 44. cxd3 Bd5 45. e6 Kg8 46. e7
Kf7 47. Nd7 Bf3 48. Ne5+ Kxe7 49. Nxf3 Kd6 50. Kg3 c5 51. bxc5+ Kxc5 52. Kf2 a5
53. Ke2 a4 54. Kd2 Kb4 55. Kc2 a3 56. Nd4 g6 57. Ne6 h5 58. g5 a2 59. Kb2 a1=Q+
60. Kxa1 Kc3 61. Nf4 Kd4 62. Nxg6 Kxd3 63. Nf4+ Ke4 64. g6 1-0

[Event "Xtracon Chess Open 2016"]
[Site "Elsinore"]
[Date "2016.07.26"]
[Round "5.175"]
[White "Hestholm, Sverre"]
[Black "Bratteteig, Tore Inge"]
[Result "1/2-1/2"]
[WhiteElo "1418"]
[BlackElo "1710"]
[PlyCount "43"]
[EventDate "2016.07.23"]

1. e4 e6 2. d4 d5 3. Nc3 dxe4 4. Nxe4 Nd7 5. g3 Ngf6 6. Nxf6+ Nxf6 7. Bg2 c5 8.
Nf3 cxd4 9. Qxd4 Qxd4 10. Nxd4 a6 11. O-O Be7 12. Re1 O-O 13. Bd2 Rd8 14. Bc3
Nd5 15. Bd2 Bf6 16. c3 Bxd4 17. cxd4 Bd7 18. Bxd5 exd5 19. Re7 Bc6 20. Rae1 Re8
21. Rxe8+ Rxe8 22. Rxe8+ 1/2-1/2

[Event "Xtracon Chess Open 2016"]
[Site "Elsinore"]
[Date "2016.07.26"]
[Round "5.176"]
[White "Christiansen, Torsten Sundgaar"]
[Black "Jensen, Hans Askov"]
[Result "1-0"]
[WhiteElo "1708"]
[BlackElo "1469"]
[PlyCount "65"]
[EventDate "2016.07.23"]

1. Nf3 d5 2. b3 c5 3. Bb2 e6 4. e3 Nf6 5. Be2 Be7 6. O-O O-O 7. d3 b6 8. Nbd2
Bb7 9. Ne5 Nc6 10. f4 d4 11. Nxc6 Bxc6 12. e4 Nd7 13. Nf3 Qc7 14. Bc1 f5 15. e5
Rf7 16. Qe1 Nf8 17. Qg3 Qd8 18. h4 Bxf3 19. Bxf3 Bxh4 20. Qh3 Rb8 21. g3 Be7
22. Bd2 g5 23. Bh5 Rg7 24. g4 gxf4 25. Bxf4 fxg4 26. Bxg4 Bg5 27. Kh2 Bxf4+ 28.
Rxf4 Qg5 29. Raf1 Rg6 30. Bh5 Rg7 31. Rxf8+ Rxf8 32. Qxe6+ Rgf7 33. Rg1 1-0

[Event "Xtracon Chess Open 2016"]
[Site "Elsinore"]
[Date "2016.07.26"]
[Round "5.177"]
[White "Tolba, Henri"]
[Black "Hein, Jacob"]
[Result "1-0"]
[WhiteElo "1688"]
[BlackElo "1447"]
[PlyCount "113"]
[EventDate "2016.07.23"]

1. d4 f5 2. Nf3 Nf6 3. c4 g6 4. Nc3 Bg7 5. g3 b6 6. Bg2 Bb7 7. O-O O-O 8. Qc2
d6 9. d5 Qe8 10. Ng5 e5 11. Ne6 Rf7 12. Nxg7 Kxg7 13. e4 f4 14. gxf4 exf4 15.
Bxf4 Nh5 16. Bg3 Nd7 17. Nb5 Nf8 18. Bxd6 cxd6 19. Nxd6 Qe5 20. Nxf7 Kxf7 21.
f4 Qd4+ 22. Kh1 Rc8 23. b3 Nxf4 24. Rxf4+ Kg7 25. Raf1 Rb8 26. Qf2 Qxf2 27.
R1xf2 g5 28. Rf7+ Kg8 29. Bh3 Ba8 30. Rxa7 Ng6 31. Rff7 Nf8 32. Rg7+ Kh8 33.
Rxg5 Ng6 34. Bf5 Rg8 35. Bxg6 hxg6 36. Rxa8 Rxa8 37. Rxg6 Rxa2 38. Rxb6 Kg7 39.
e5 Kf7 40. Rb7+ Ke8 41. h4 Re2 42. e6 Re4 43. Rh7 Kf8 44. Kg2 Kg8 45. Rb7 Rxh4
46. Kg3 Re4 47. Rf7 Re3+ 48. Rf3 Re4 49. Kf2 Re5 50. Re3 Rf5+ 51. Ke2 Kf8 52.
Rf3 Rxf3 53. Kxf3 Ke7 54. b4 Kd8 55. d6 Kc8 56. c5 Kd8 57. c6 1-0

[Event "Xtracon Chess Open 2016"]
[Site "Elsinore"]
[Date "2016.07.26"]
[Round "5.178"]
[White "Kvaloy, Ola"]
[Black "Ornebjerg, Henrik"]
[Result "1-0"]
[WhiteElo "1408"]
[BlackElo "1687"]
[PlyCount "59"]
[EventDate "2016.07.23"]

1. d4 Nf6 2. Nf3 d5 3. e3 g6 4. Bd3 Bg7 5. O-O O-O 6. b3 Nc6 7. Bb2 Nb4 8. Be2
Bf5 9. Na3 a6 10. c3 Nc6 11. Ne5 Qd6 12. f4 Ne4 13. Rc1 f6 14. Nxc6 bxc6 15. c4
e5 16. fxe5 fxe5 17. cxd5 cxd5 18. Nb1 Rfe8 19. Bg4 Qd7 20. Bxf5 gxf5 21. dxe5
Qf7 22. Nd2 Rad8 23. Nf3 c5 24. e6 Rxe6 25. Bxg7 Qxg7 26. Nh4 Rf6 27. Nxf5 Rxf5
28. Rxf5 d4 29. Rf4 Nc3 30. Rxc3 1-0

[Event "Xtracon Chess Open 2016"]
[Site "Elsinore"]
[Date "2016.07.26"]
[Round "5.179"]
[White "Palozza, Flavio"]
[Black "Madsen, Dennis"]
[Result "0-1"]
[WhiteElo "1342"]
[BlackElo "1665"]
[PlyCount "120"]
[EventDate "2016.07.23"]

1. e4 d5 2. exd5 Nf6 3. d4 Nxd5 4. Nf3 Bg4 5. g3 Bxf3 6. Qxf3 Nc6 7. c3 e5 8.
Bg2 Nb6 9. dxe5 Nxe5 10. Qe2 Qe7 11. O-O O-O-O 12. Re1 f6 13. f4 Ng6 14. Qg4+
Qd7 15. Qxd7+ Nxd7 16. Nd2 Bc5+ 17. Kf1 h5 18. Nf3 h4 19. f5 h3 20. fxg6 hxg2+
21. Kxg2 Bd6 22. Nh4 Ne5 23. Nf5 Rd7 24. Nxd6+ cxd6 25. Bf4 Nxg6 26. Be3 b6 27.
a4 Ne5 28. Bd4 g5 29. a5 b5 30. Rf1 Rdh7 31. Rh1 g4 32. Bxe5 fxe5 33. Raf1 Kd7
34. Rf6 e4 35. Rf4 d5 36. Rxg4 Kd6 37. b4 Rh5 38. Rf4 Ke5 39. h4 Rf5 40. Rxf5+
Kxf5 41. Rf1+ Ke5 42. Rf7 a6 43. Rg7 Rh6 44. Re7+ Kd6 45. Rb7 Ke5 46. Rb6 Rf6
47. h5 Rf3 48. h6 Rxc3 49. h7 Rc8 50. Rxa6 Kd4 51. Re6 Kd3 52. Kf2 Rf8+ 53. Ke1
d4 54. Rf6 Rh8 55. Rh6 Ke3 56. a6 d3 57. g4 d2+ 58. Kd1 Kd3 59. Rh3+ e3 60. a7
Rc8 0-1

[Event "Xtracon Chess Open 2016"]
[Site "Elsinore"]
[Date "2016.07.26"]
[Round "5.180"]
[White "Mansoor, Areeb"]
[Black "Madsen, Svend"]
[Result "0-1"]
[WhiteElo "1020"]
[BlackElo "1638"]
[PlyCount "62"]
[EventDate "2016.07.23"]

1. e4 c6 2. d4 d5 3. e5 Bf5 4. Nf3 e6 5. Be2 Nd7 6. c3 Be7 7. Nbd2 f6 8. O-O
fxe5 9. dxe5 Nh6 10. Ng5 Bxg5 11. f4 Be7 12. g4 Nxg4 13. Bxg4 O-O 14. Bxf5 Qb6+
15. Kh1 Rxf5 16. Qg4 Raf8 17. Rg1 R8f7 18. Nf3 c5 19. Ng5 Bxg5 20. fxg5 Nxe5
21. Qg3 Qc6 22. h4 d4+ 23. Kh2 Nf3+ 24. Kh1 Nxh4+ 25. Kh2 Nf3+ 26. Kh1 Nxg5+
27. Rg2 Nf3 28. Qb8+ Rf8 29. Qg3 Rh5+ 30. Rh2 Nd2+ 31. Kg1 Rf1# 0-1

[Event "Xtracon Chess Open 2016"]
[Site "Elsinore"]
[Date "2016.07.26"]
[Round "5.181"]
[White "Hansen, Simon L"]
[Black "Amarapala, Sheroni"]
[Result "1-0"]
[WhiteElo "1636"]
[BlackElo "1330"]
[PlyCount "121"]
[EventDate "2016.07.23"]

1. Nf3 d5 2. d4 Nf6 3. g3 Bf5 4. Bg2 e6 5. O-O c5 6. c4 dxc4 7. dxc5 Qxd1 8.
Rxd1 Bxc5 9. Nc3 O-O 10. Ne5 Nc6 11. Nxc6 bxc6 12. Bxc6 Rac8 13. Bb5 Bb6 14.
Na4 Ba5 15. Bg5 Ne4 16. Be7 c3 17. b4 c2 18. Rdc1 Bd8 19. Bxf8 Bf6 20. Bc5 Nxc5
21. Nxc5 Bxa1 22. Rxa1 Rd8 23. Bd3 Rb8 24. Bxf5 exf5 25. Nd3 Rc8 26. Rc1 Rc4
27. a4 Kf8 28. a5 Ke7 29. b5 Kd8 30. Ne5 Rc7 31. b6 axb6 32. axb6 Rb7 33. Nc4
Kd7 34. Rxc2 Ke6 35. Rd2 g5 36. Kg2 h6 37. Rd6+ Ke7 38. Rxh6 Rb8 39. Kf3 f6 40.
b7 Ke6 41. Rh7 Kd5 42. Rc7 Ke6 43. Na5 Kd6 44. Rc8 Rxb7 45. Nxb7+ Kd7 46. Rc5
Ke6 47. h4 gxh4 48. gxh4 Kf7 49. h5 Kg7 50. Kf4 Kh6 51. Rxf5 Kg7 52. Kg4 Kf7
53. h6 Kg6 54. Rh5 f5+ 55. Kf4 Kxh5 56. h7 Kg6 57. h8=Q Kf7 58. Kxf5 Ke7 59.
Qh7+ Ke8 60. Ke6 Kf8 61. Qh8# 1-0

[Event "Xtracon Chess Open 2016"]
[Site "Elsinore"]
[Date "2016.07.26"]
[Round "5.182"]
[White "Rasmussen, Bjarne Berring"]
[Black "Tjora, Alexander"]
[Result "1/2-1/2"]
[WhiteElo "1634"]
[BlackElo "1411"]
[PlyCount "80"]
[EventDate "2016.07.23"]

1. d4 Nf6 2. c4 g6 3. Nc3 Bg7 4. Nf3 O-O 5. g3 d5 6. cxd5 Nxd5 7. e4 Nxc3 8.
bxc3 c5 9. Bg2 Nc6 10. Bb2 cxd4 11. cxd4 Qa5+ 12. Qd2 Qxd2+ 13. Kxd2 Rd8 14.
Ke3 Bg4 15. Rad1 Bh6+ 16. Ke2 Bg7 17. e5 f6 18. h3 Bxf3+ 19. Bxf3 Rac8 20. Bg4
f5 21. Bf3 e6 22. Rd3 Na5 23. Rc3 Rxc3 24. Bxc3 Nc6 25. Bxc6 bxc6 26. Rb1 Rd7
27. Rb8+ Kf7 28. Rc8 h5 29. h4 Bf8 30. Rxc6 Be7 31. f4 Bd8 32. Kd3 Bb6 33. a4
Rd5 34. Rc4 Ke7 35. Bb4+ Kd7 36. Bc5 Bxc5 37. Rxc5 Rxc5 38. dxc5 Kc7 39. Kc3
Kc6 40. Kd4 Kc7 1/2-1/2

[Event "Xtracon Chess Open 2016"]
[Site "Elsinore"]
[Date "2016.07.26"]
[Round "5.183"]
[White "Rygg, Andreas Gangstad"]
[Black "Hestholm, Freddy"]
[Result "1-0"]
[WhiteElo "1631"]
[BlackElo "1281"]
[PlyCount "77"]
[EventDate "2016.07.23"]

1. e4 d5 2. exd5 Nf6 3. d4 Bg4 4. Bb5+ Nbd7 5. Nf3 a6 6. Ba4 b5 7. Bb3 Nb6 8.
h3 Bh5 9. O-O Nbxd5 10. c4 bxc4 11. Ba4+ Nd7 12. Bc6 Rb8 13. Bxd5 e6 14. Bxc4
Bb4 15. a3 Bd6 16. Nc3 Rb6 17. Qd3 Bg6 18. Qe2 O-O 19. Bxa6 Re8 20. Bd3 f5 21.
Bc4 Nf8 22. Na4 Rb7 23. Bb5 Nd7 24. Bg5 Qa8 25. Bxd7 Rbb8 26. Bxe8 Rxe8 27. Nc5
Bh5 28. Rfe1 h6 29. Bd2 e5 30. dxe5 Rxe5 31. Qc4+ Bf7 32. Qa6 Qd5 33. Nxe5 Bxe5
34. Qc8+ Kh7 35. Qxf5+ Bg6 36. Qxe5 Qxd2 37. Re2 Qd8 38. Qe7 Qd5 39. Ne6 1-0